Playhouse Disney/Disney Junior Characters: Letter M - Statistics

General Stats
  • This quiz has been taken 17 times
  • The average score is 6 of 9
Answer Stats
Picture Answer % Correct
Mickey
100%
Minnie
100%
Manny
77%
Mr. Smee
69%
Moe Doodle
62%
Murray Wiggle
62%
Mr. Dos
38%
M.E.R.C
31%
Miranda
15%
No matching quizzes found
Score Distribution
Percent of People with Each Score
Percentile by Number Answered
Your Score History
You have not taken this quiz